000 00645nam a2200181Ia 4500
008 100921s9999 xx 000 0 und d
082 _b21703
_a891.463 थ 89
100 _aरानडे जयंत.
245 _aगँगवार.
260 _bमनमोहिनी प्रकाशन,पुणे.
_c1989
300 _a100
_bशिल्पा बुक सर्व्हिस,तळेगांव दाभाडे
365 _b30
520 _aललित-कादंबरी.
630 _aगँगवार.
650 _aललित-कादंबरी.
730 _aगँगवार.
942 _cBOOK
999 _c770816
_d770813